Datum a čas kvízu
34.5
Celkem bodů
Celkový počet nahraných bodů na tomto kvízu bez doplňovacích otázek.
6.
Pořadí na kvízu
Konečné umístění týmu na tomto kvízu.
Zaznamenané odpovědi
| # | Otázka | Odpověď | Body | Výsledky |
|---|---|---|---|---|
| 1. | Českou republiku zasáhl v uply... | Dudley | 0 | |
| 2. | Šéf slovenského parlamentu má... | Boris Kollár, hnutí Jsme rodina | 1 | |
| 3. | Slavný čtyřiačtyřicetiletý ame... | Ye / Kanye West | 1 | |
| 4. | Známý šéfkuchař Přemek Forejt... | McDonald’s | 1 | |
| 5. | Už dvakrát odložená série hoke... | v Praze | 0 | |
| 6. | Začneme v Africe. Konžské král... | Zair | 1 | |
| 7. | Že Cejlon byl v roce 1972 přej... | C | 1 | |
| 8. | Thajsko je jedinou zemí jihový... | Siam, Město Andělů | 0.5 | |
| 9. | Zřejmě víte, že na území dnešn... | Robinson Crusoe | 1 | |
| 10. | Vzpomenete si na jednoslovný n... | Jugoslávie | 1 |